00231nam a2200097Ia 4500008004100000100001900041245004200060260001000102260000900112546001200121170619s9999 xx 000 0 und d aNag- Debabrata 0aFundamentals of Strength of Materials bWILEY c2011 aENGLISH